000 00992cam a2200265 a 4500
001 000012623
003 DO-SdBNP
005 20260323134618.0
008 000719s1999 ck b 001 0 spa
020 _a9586760782
040 _aDO-SdBNP
_bspa
_cBNPHU
082 4 _a342.861
_bA973e
_222
100 1 _aAyala Caldas, Jorge Enrique.
_929369
245 1 0 _aElementos de derecho administrativo general /
_cJorge Enrique Ayala Caldas ; prólogo Alberto Aguirre Quintero.
260 _aSantafé de Bogotá, Colombia :
_bEdiciones Doctrina y Ley,
_c1999.
300 _axxx, 791 p. ;
_c24 cm.
504 _aIncluye referencias bibliográficas (p. [783] -791).
650 4 _aDerecho administrativo
_zColombia
_929370
650 4 _aDerecho constitucional
_zColombia
_929371
650 4 _aAdministración pública
_xColombia
_929372
650 0 _aActos administrativos
_929373
700 1 _aAguirre Quintero, Alberto,
_epról.
_929374
910 _aCatalogación por copia / LC
942 _2ddc
_cLBS1
999 _c12277
_d12277